ბათუმის შოთა რუსთაველის სახელმწიფო უნივერსიტეტის ბიბლიოთეკა

აგროეკოლოგიის ძირითადი საფუძვლები (ბიბ.ჩანაწერი № 55901)

000 -LEADER
fixed length control field 01560nam a2200265Ia 4500
001 - CONTROL NUMBER
control field 22999
003 - CONTROL NUMBER IDENTIFIER
control field GE_BSU
008 - FIXED-LENGTH DATA ELEMENTS--GENERAL INFORMATION
fixed length control field 181216s||||||||xx |||||||||||||| ||und||
040 ## - CATALOGING SOURCE
Transcribing agency GE_BSU
080 ## - UNIVERSAL DECIMAL CLASSIFICATION NUMBER
Universal Decimal Classification number 631.95(075.8)
100 ## - MAIN ENTRY--PERSONAL NAME
Personal name მელაძე, მაია
245 ## - TITLE STATEMENT
Title აგროეკოლოგიის ძირითადი საფუძვლები
245 ## - TITLE STATEMENT
Statement of responsibility, etc. რედ. ლია მაჭავარიანი
250 ## - EDITION STATEMENT
Edition statement ივანე ჯავახიშვილის სახ. თბილ. სახელმწ. უნ-ტი, ზუსტ და საბუნებისმეტყველო მეცნ. ფაკ-თან არსებ. გამოყენებითი ეკოლოგიის ინტერდისციპლინ. სამეცნ.-კვლევ. ინ-ტი (გეკო), საქ. ტექნ. უნ-ტი, აგრარ. მეცნ. და ბიოსისტემების ინჟინერინგის ფაკ-ტი.
260 ## - PUBLICATION, DISTRIBUTION, ETC.
Place of publication, distribution, etc. თბილისი
260 ## - PUBLICATION, DISTRIBUTION, ETC.
Name of publisher, distributor, etc. უნივერსალი
260 ## - PUBLICATION, DISTRIBUTION, ETC.
Date of publication, distribution, etc. 2015
300 ## - PHYSICAL DESCRIPTION
Extent 240 გვ. : სურ., ნახ. ; 20 სმ.
300 ## - PHYSICAL DESCRIPTION
Accompanying material ბიბლიოგრ.: გვ. 237-239.
653 ## - INDEX TERM--UNCONTROLLED
Uncontrolled term აგროეკოლოგიის ძირითადი საფუძვლები
653 ## - INDEX TERM--UNCONTROLLED
Uncontrolled term სასოფლო–სამეურნეო ეკოლოგია
653 ## - INDEX TERM--UNCONTROLLED
Uncontrolled term ქსეროქსი
942 ## - ADDED ENTRY ELEMENTS (KOHA)
Koha item type წიგნი
ეგზემპლარები
Withdrawn status Lost status Damaged status Not for loan Date acquired Barcode Date last seen Price effective from Koha item type Public note
        2018-12-17 00508 ქსეროქსი 2018-12-17 2018-12-17 წიგნი ქსეროქსი